Mobilné terminály: počítače do ruky

Rastúce nároky na rýchlosť a presnosť skladových procesov a intenzívne zapojenie informačných technológií do logistiky. Využívanie mobilných terminálov v moderných skladoch.

Uložené v:
Podrobná bibliografia
Hlavný autor: Oravec, Jozef
Médium: Kapitola
Jazyk:Slovak
Predmet:
Tagy: Pridať tag
Žiadne tagy, Buďte prvý, kto otaguje tento záznam!

MARC

LEADER 00000naa a2200000 4500
001 0251581
005 20190305122937.7
041 0 |a slo 
044 |a CZ 
245 1 0 |a Mobilné terminály: počítače do ruky  |c Jozef Oravec 
520 |a Rastúce nároky na rýchlosť a presnosť skladových procesov a intenzívne zapojenie informačných technológií do logistiky. Využívanie mobilných terminálov v moderných skladoch. 
610 2 0 |a sklady 
610 2 0 |a technológie informačné 
610 2 0 |a technológie komunikačné 
610 2 0 |a počítače 
610 2 0 |a dáta 
100 1 |a Oravec, Jozef